<?xml version="1.0" encoding="UTF-8"?>
<marc:record xmlns:marc="http://www.loc.gov/MARC21/slim">
   <marc:leader>00000nam a2200000 a 4500</marc:leader>
   <marc:datafield ind1="1" ind2=" " tag="100">
      <marc:subfield code="a">Vila, Rodrigo</marc:subfield>
      <marc:subfield code="4">aut</marc:subfield>
      <marc:subfield code="e">Verfasser/-in</marc:subfield>
   </marc:datafield>
   <marc:datafield ind1="0" ind2="0" tag="245">
      <marc:subfield code="a">Mercedes Sosa, Die Stimme Lateinamerikas</marc:subfield>
   </marc:datafield>
   <marc:datafield ind1=" " ind2="1" tag="264">
      <marc:subfield code="b">Cine Global</marc:subfield>
      <marc:subfield code="c">2013</marc:subfield>
   </marc:datafield>
   <marc:datafield ind1="1" ind2=" " tag="520">
      <marc:subfield code="a">Die indigene argentinische Sängerin Mercedes Sosa (1935-2009) avancierte in den 1970er- und 1980er-Jahren mit Folklore- und Protestliedern zum Symbol des politischen Kampfs gegen lateinamerikanische Militärdiktaturen. Der Dokumentarfilm schickt ihren Sohn Fabian Matus auf eine persönliche Suche nach den Spuren seiner Mutter. Ergänzt durch Interviews und exzellente Archivmaterialien gelingt der Inszenierung unaufdringlich die Balance zwischen bewegend-persönlicher Biografie und spannender Musik- und Zeitgeschichte. (O.m.d.U.) [Filmdienst.de]</marc:subfield>
   </marc:datafield>
   <marc:datafield ind1="3" ind2=" " tag="024">
      <marc:subfield code="a">4250128415699</marc:subfield>
   </marc:datafield>
</marc:record>
